[Event "Ruhrgebiet Verbandsliga Gruppe 1 1819"]
[Site "Nordrheinwestfalen"]
[Date "2019.05.05"]
[Round "9.3"]
[White "Al Tarboush, Hussam"]
[Black "Rueberg, Jobst"]
[Result "0-1"]
[WhiteElo "1972"]
[BlackElo "2063"]
[PlyCount "62"]
[EventDate "2018.09.23"]
[EventType "team-tourn"]
[EventRounds "9"]
[EventCountry "GER"]
[SourceTitle "EXT 2022"]
[Source "ChessBase"]
[SourceDate "2021.10.06"]
[SourceVersion "1"]
[SourceVersionDate "2021.10.06"]
[SourceQuality "1"]
[WhiteTeam "Brackel SF II"]
[BlackTeam "Ahlen SV"]
[WhiteTeamCountry "GER"]
[BlackTeamCountry "GER"]

1. e4 c5 2. Nf3 e6 3. d4 cxd4 4. Nxd4 a6 5. Be2 Qc7 6. 0-0 Nf6 7. Bf3 Nc6 8. Nc3 Be7 9. g3 0-0 10. a3 d6 11. Bg2 Nxd4 12. Qxd4 Bd7 13. Kh1 Bc6 14. f4 Rad8 15. Qg1 b5 16. Be3 Qb7 17. e5 Ng4 18. Rae1 dxe5 19. Bc1 exf4 20. Rxf4 Nf6 21. Bxc6 Qxc6+ 22. Qg2 Qxg2+ 23. Kxg2 Rc8 24. Rf3 Rfd8 25. Re2 Rd7 26. h3 h6 27. g4 Rdc7 28. Bd2 Rb7 29. Re5 a5 30. Rxb5 Rxb5 31. Nxb5 Rxc2 0-1